| 000 | 00523nam a2200181Ia 4500 | ||
|---|---|---|---|
| 999 |
_c6077 _d6077 |
||
| 003 | OSt | ||
| 005 | 20200120152932.0 | ||
| 008 | 190216s9999||||xx |||||||||||||| ||und|| | ||
| 020 | _a0074635352 | ||
| 040 | _coclc | ||
| 082 |
_a658.83 _bBER/M |
||
| 100 | 1 |
_aBeri, G. C. _91096 _d1932- _q(Govind Chand), |
|
| 245 | 0 |
_aMarketing Research / _cG C Beri |
|
| 250 | _a3rd ed. | ||
| 260 |
_bTata Mcgrawhill Publishers, _c2000. _aNew Delhi: |
||
| 300 | _a474p | ||
| 942 |
_cBK _2ddc _h658.83 _iBER/M _k658.83 _mBER/M |
||